| 000 | 00505cam a2200193ua 4500 | ||
|---|---|---|---|
| 020 | _c4.80 | ||
| 041 |
_aeng _h |
||
| 082 |
_a028.73423 _bHAR/TH |
||
| 100 | _aHartman, Roger . | ||
| 245 |
_aThesaurus of English: Synonyms and antonyms / _cRoger Hartman. _hTextual Documents |
||
| 250 |
_a13 / _b. |
||
| 260 |
_aMumbai : _bD B Taraporevala sons & Co. Pvt. Ltd. , _c1963. |
||
| 300 | _a220 ; . | ||
| 365 | _a4.80 | ||
| 504 | _a | ||
| 942 | _cBK | ||
| 999 |
_c10194 _d10194 |
||